| 000 | 00997nam a2200229 a 4500 | ||
|---|---|---|---|
| 001 | 000030121 | ||
| 005 | 20200930060047.0 | ||
| 008 | 110429s2010 dr 000 0 spa d | ||
| 040 |
_aDO-SdBNP _bspa _cBNPHU |
||
| 082 |
_a001.42 _bC749s |
||
| 111 | 2 |
_aCongreso Interdisciplinario de Investigación Científica. _n(6 : _d2010 : _cSanto Domingo) _956807 |
|
| 245 | 1 | 0 | _aVI congreso interdisciplinario de investigación científica. |
| 246 | 1 | 2 |
_aSexto congreso interdisciplinario de investigación científica : _bprograma y libro de resúmenes |
| 260 |
_aSanto Domingo : _bMESCYT, _c2010. |
||
| 300 |
_a98 p. ; _c28 cm. |
||
| 500 | _aIncluye índice apellidos, nombres, numero de resumen. | ||
| 500 | _aTexto en inglés y español | ||
| 590 | _aInventariado,2018/DG | ||
| 650 | 4 |
_aInvestigación científica _xCongresos, conferencias, etc. _956808 |
|
| 710 | 1 |
_aRepública Dominicana. _bMinisterio de Educación Superior, Ciencia y Tecnología. _956809 |
|
| 910 | _aValidado. Control de calidad MFF | ||
| 999 |
_c29613 _d29613 |
||